00818nam a22002177a 450000500170000001000150001702000260003203500130005803700130007108200150008410000260009924500890012526000420021427000720025630000230032850000410035170000200039294200290041299900170044195201420045820140905105418.0 aENG-110745 a9788183874960c995.00 aEN-94277 bDBAD/PUB a320.954123 aVerma, Ravindra Kumar ae-Panchayats in India :cby Ravindra Kumar Verma [and] Archana Kumaribsome facets / aNew DelhibSerials Publicationsc2012 a4830/24, Prahlad Street, Ansari Road, Darya GanjbNew Delhie110002 ax,289p. c22cm(Hb) aIncludes bibliographical references  aArchana Kumari  2ddccENh320.954123mVER c88306d88306 001040718NFICaDBADbDBADd2014-09-04eDBAD / PUBg995.00l0o320.954123 VERpEN-94277r2014-09-04 00:00:00t1v995.00w2014-09-04yEN